• 首页
  • 本馆介绍
  • 公告通知
  • 最新文献
  • 馆藏检索
  • 电子资源
  • 读者导购
  • 参考咨询
  • 我的图书馆
  • 登录
  • 详细信息显示
  • 放入我的书架
  • 预约/预借图书
  • 作者相关作品
  • 分类相关作品
  • 丛书相关作品
  • 出版社相关作品

书目信息

  • 表格格式
  • 工作单格式
  • 卡片格式
题名:
冰雪运动通用知识教材
    
 
作者: ;国家体育总局冬季运动管理中心 , 中国冰雪大会组委会 编
分册:  
出版信息: 北京   中国人民大学出版社  2021.5
页数: 160页
开本: 26cm
丛书名:
单 册:
中图分类: G862 , G863
科图分类:
主题词: 冰上运动--教材 , 雪上运动--教材
电子资源:
ISBN: 978-7-300-27739-4
000 01714nam0 2200265 45
001 012001001853
005 20141011154514.0
010    @a978-7-300-27739-4@dCNY68.00
100    @a20210702d2021 em y0chiy50 ea
101 0  @achi
102    @aCN@b110000
105    @aak z 000yy
106    @ar
200 1  @a冰雪运动通用知识教材@Abing xue yun dong tong yong zhi shi jiao cai@e含课程教学大纲@f国家体育总局冬季运动管理中心,中国冰雪大会组委会编
210    @a北京@c中国人民大学出版社@d2021.5
215    @a160页@c彩图@d26cm
330    @a《冰雪运动通用知识教材》是贯彻落实办公厅、办公厅印发的《关于以2022年北京冬奥会为契机大力发展冰雪运动的意见》中提出的,大力开展冰雪运动进机关、进校园、进部队、进厂矿、进农村、进社区、进家庭等活动精神所编写的冰雪运动知识普及教材。该书从冰雪运动基础知识、冬奥会基础知识、北京冬奥会城市文化和比赛项目、冰雪运动礼仪文化和冰雪运动安全知识5个方面,介绍了冬奥会和冰雪运动的历史、文化、场馆、项目设置、礼仪、安全等方面的知识。本书的前三个单元以纵向的历史主线和横向的内容模块相互交织,构建了从冰雪运动起源到北京冬奥会文化的系统化知识框架,在此基础上加以拓展,单元介绍了冰雪运动礼仪和观众观赛礼仪知识,五单元介绍了冰雪运动的伤害和安全预防知识。本书力求将知识性和趣味性相融相汇,具有很强的可读性。本书每章节的二维码所链接的课程视频和书后所附课程教学大纲有利于机关院校、厂矿企业、部队、农村和社区家庭加速开展冰雪运动知识的普及和教学活动。
606 0  @a冰上运动@j教材
606 0  @a雪上运动@j教材
690    @aG862@v5
690    @aG863@v5
711 02 @a国家体育总局冬季运动管理中心@Aguo jia ti yu zong ju dong ji yun dong guan li zhong xin@4编
711 02 @a中国冰雪大会组委会@Azhong guo bing xue da hui zu wei hui@4编
801  0 @aCN@b江苏凤凰@c20211018
905    @b1345978-81@dG862@e105@f4
    
    冰雪运动通用知识教材:含课程教学大纲/国家体育总局冬季运动管理中心,中国冰雪大会组委会编.-北京:中国人民大学出版社,2021.5
    160页:彩图;26cm
    
    
    ISBN 978-7-300-27739-4:CNY68.00
    《冰雪运动通用知识教材》是贯彻落实办公厅、办公厅印发的《关于以2022年北京冬奥会为契机大力发展冰雪运动的意见》中提出的,大力开展冰雪运动进机关、进校园、进部队、进厂矿、进农村、进社区、进家庭等活动精神所编写的冰雪运动知识普及教材。该书从冰雪运动基础知识、冬奥会基础知识、北京冬奥会城市文化和比赛项目、冰雪运动礼仪文化和冰雪运动安全知识5个方面,介绍了冬奥会和冰雪运动的历史、文化、场馆、项目设置、礼仪、安全等方面的知识。本书的前三个单元以纵向的历史主线和横向的内容模块相互交织,构建了从冰雪运动起源到北京冬奥会文化的系统化知识框架,在此基础上加以拓展,单元介绍了冰雪运动礼仪和观众观赛礼仪知识,五单元介绍了冰雪运动的伤害和安全预防知识。本书力求将知识性和趣味性相融相汇,具有很强的可读性。本书每章节的二维码所链接的课程视频和书后所附课程教学大纲有利于机关院校、厂矿企业、部队、农村和社区家庭加速开展冰雪运动知识的普及和教学活动。
●
相关链接 在E读中查询图书 在五车中查询图书 在当当中查询图书 在豆瓣中查询图书


正题名:冰雪运动通用知识教材     索取号:G862/105         预约/预借

序号 登录号 条形码 馆藏地/架位号 状态 备注
1 1345978   213459782   第一样本阅览室/ [索取号:G862/105] 在馆    
2 1345979   213459791   第四借阅区/ [索取号:G862/105] 在馆    
3 1345980   213459808   第四借阅区/ [索取号:G862/105] 在馆    
4 1345981   213459817   第四借阅区/ [索取号:G862/105] 在馆    
唐山师范学院图书馆 欢迎您!
大连网信软件有限公司© 版权所有